Moléculas en una exposición : retrato de materiales interesantes de la vida cotidiana /
A partir de sus artículos y textos de divulgación científica, el químico John Emsley expone la importancia que diversas moléculas tienen para la vida cotidiana, organizadas en "galerías", como si se tratara de una exhibición de retratos de estas sustancias químicas.
-д хадгалсан:
| Үндсэн зохиолч: | |
|---|---|
| Формат: | Ном |
| Хэл сонгох: | испани |
| Хэвлэсэн: |
Barcelona, España :
Península,
2000, c2000
|
| Цуврал: | (Atalaya ;
41) |
| Нөхцлүүд: | |
| Шошгууд: |
Шошго байхгүй, Энэхүү баримтыг шошголох эхний хүн болох!
|
MARC
| LEADER | 00000nam^a2200000^a^4500 | ||
|---|---|---|---|
| 001 | 000118935 | ||
| 005 | 20250521000000.0 | ||
| 009 | 20260310094258.66 | ||
| 020 | |a 84-8307-237-8 | ||
| 037 | |a Acervo ITESO - Biblioteca | ||
| 041 | |a ESP | ||
| 082 | |a 541. 22 |b EMS | ||
| 100 | |a Emsley, John |e (autor) | ||
| 245 | 1 | 0 | |a Moléculas en una exposición : |b retrato de materiales interesantes de la vida cotidiana / |c J. Emsley ; tr. por Juan Pedro Campos Gómez. |
| 264 | 4 | |a Barcelona, España : |b Península, |c 2000, c2000 | |
| 300 | |a 345 p. | ||
| 336 | |a texto |b txt |2 rdacontenido | ||
| 337 | |a sin mediación |b n |2 rdamedio | ||
| 338 | |a volumen |b nc |2 rdasoporte | ||
| 440 | 1 | |a (Atalaya ; |v 41) | |
| 500 | |a Traducción de: Molecules at an Exhibition: Portraits of Intriguing Materials in Everyday Life | ||
| 520 | |a A partir de sus artículos y textos de divulgación científica, el químico John Emsley expone la importancia que diversas moléculas tienen para la vida cotidiana, organizadas en "galerías", como si se tratara de una exhibición de retratos de estas sustancias químicas. | ||
| 649 | |a XX | ||
| 650 | |a Moléculas | ||
| 650 | |a Química | ||
| 650 | |a Vida Cotidiana | ||
| 650 | |a Ciencia - |x Difusión | ||
| 910 | |a Fondo General | ||
| 920 | |a Impresos - Libros | ||
| 930 | |a Colección General | ||
| 905 | |a 101 | ||
| 901 | |a 0500053749 |b IT1 |c ACC |u 20250521 | ||
| 902 | |a https://opac.biblio.iteso.mx/vufind/Record/000118935 | ||